|
|
|
|
| LEADER |
00000nab a2200000 ar4500 |
| 001 |
vtls009523727 |
| 003 |
SK-MaSNL |
| 005 |
20260426103021.0 |
| 008 |
150204c2008 xo mr|p|||||||000 b|slo |
| 038 |
|
|
|a SNSK
|
| 040 |
|
|
|b slo
|c SNSK
|e AACR2
|
| 041 |
|
|
|a slo
|
| 044 |
|
|
|a xo
|c SK
|
| 080 |
|
|
|a 272/273
|x (437.6)
|2 2001
|
| 080 |
|
|
|a 005.591.4
|2 2001
|
| 100 |
1 |
|
|a Fedorek, Vladimír
|4 aut
|9 1593890
|
| 245 |
1 |
0 |
|a Reorganizácia diecéz
|b rímskokatolícka cirkev na Slovensku
|c Vladimír Fedorek
|
| 300 |
|
|
|b Fotogr.
|e 1mapa
|
| 610 |
2 |
7 |
|a Rímskokatolícka cirkev
|2 snsk
|9 32394
|
| 650 |
0 |
7 |
|a diecézy
|2 snsk
|9 88437
|
| 650 |
0 |
7 |
|a Reorganizácia. Reštrukturalizácia. Prestavba
|2 snsk
|9 1095513
|
| 651 |
|
7 |
|a Slovensko
|2 snsk
|9 14231
|
| 773 |
0 |
|
|t Brázda
|g Roč. XVI., č. 3 (2008), s. 24-25
|
| 852 |
|
|
|a SNSK
|b KIS3GCP
|
| 999 |
|
|
|c 3273436
|d 3275366
|